00682nam a2200229Ia 450000500170000000800410001702000150005804000180007304100080009110000190009924500620011825000120018026000480019230000180024050400270025865000240028565000130030965000260032265000380034870000330038670000330041920211111075306.0130821s1980 sp gr spa  a8432302716 aCo-BoUCMbspa00aspa1 aDesai, Meghnad10aLecciones de teoría económica marxistacMeghnad Desai a2a. Ed. aMadrid (España)bSiglo XXI Editoresc1980 a242 páginas aIncluye bibliografía04aEconomía marxista04aMarxismo04aSistemas económicos04aSocialismoxAspectos económicos1 aCarbajo Isla, Alfonsoetrad.1 aLavalle Cobo, Doloresetrad.